000 00300nam a2200133Ia 4500
008 191201s2013 xx 000 0 und d
100 _aROBBINS,Stephen P
245 0 _aManagement
250 _aIMP-8Th
260 _c2013
_bpearson
_aN. delhi
300 _a544
650 _aMBA
942 _2ddc
_cBB
_0147
999 _c7613
_d7613